| 000 | 00388 a2200121 4500 | ||
|---|---|---|---|
| 001 | ART_37974 | ||
| 005 | 20260410161751.0 | ||
| 008 | 260409a | ||
| 245 | 1 | 0 | _aDistribución de dividendos por parte de empresas radicadas en Tierra del Fuego |
| 100 | 1 | _aVolman, Mario | |
| 700 | 1 | _aCosentino, Mariano | |
| 773 | 0 |
_tDoctrina tributaria _g- Nº 424 (jul. 2015) _wREV4296 |
|
| 999 |
_c19669 _d19669 |
||